OECD - FAO agricultural outlook 2012-2021
Uložené v:
| Médium: | Kniha |
|---|---|
| Jazyk: | English |
| Vydavateľské údaje: |
Paris
OECD
2012
|
| Predmet: | |
| Tagy: |
Žiadne tagy, Buďte prvý, kto otaguje tento záznam!
|
MARC
| LEADER | 00000nam a2200000 4500 | ||
|---|---|---|---|
| 001 | 0175178 | ||
| 005 | 20230109114722.3 | ||
| 020 | |a 978-92-64-17302-6 | ||
| 022 | |a 1563-0447 | ||
| 041 | 0 | |a eng | |
| 044 | |a FR | ||
| 245 | 1 | 0 | |a OECD - FAO agricultural outlook 2012-2021 |
| 264 | 1 | |a Paris |b OECD |c 2012 | |
| 300 | |a 281 s. | ||
| 610 | 2 | 0 | |a politika poľnohospodárska |
| 610 | 2 | 0 | |a poľnohospodárstvo |
| 610 | 2 | 0 | |a produktivita |
| 610 | 2 | 0 | |a rybolov |
| 610 | 2 | 0 | |a biopalivá |
| 610 | 2 | 0 | |a obilniny |
| 610 | 2 | 0 | |a oleje rastlinné |
| 610 | 2 | 0 | |a cukrovarníctvo |
| 610 | 2 | 0 | |a mäsopriemysel |
| 610 | 2 | 0 | |a mlieko |